|
|
|
|
| LEADER |
02077nam a2200385 i 4500 |
| 001 |
39294 |
| 003 |
BD-DhAAL |
| 005 |
20220810162450.0 |
| 008 |
220810t2008 bg a b 000 0 ben d |
| 999 |
|
|
|c 44839
|d 44839
|
| 010 |
|
|
|a 2010309341
|
| 020 |
|
|
|a 9840746456
|
| 025 |
|
|
|a B-B-2010-309341; 21-92
|
| 037 |
|
|
|b Library of Congress -- New Delhi Overseas Office
|
| 040 |
|
|
|a DLC
|b eng
|c DLC
|d DLC
|e rda
|d BD-DhAAL
|
| 042 |
|
|
|a lcode
|a pcc
|
| 043 |
|
|
|a a-bg---
|
| 050 |
0 |
0 |
|a DS393.6
|b .S24 2008
|
| 082 |
|
|
|a 954.92022
|
| 100 |
1 |
|
|a শাহনাওয়াজ, এ কে এম,
|d ১৯৬০-
|9 50765
|
| 245 |
1 |
0 |
|a সাম্প্রতিক প্রত্ন-গবেষণায় বাংলাদেশের সাংস্কৃতিক ঐতিহ্য পুনর্গঠনের সম্ভাবনা / /
|c এ কে এম শাহনাওয়াজ.
|
| 246 |
3 |
1 |
|a Sampratik pratna-gabeshanay Bangladesher sanskritik oitijya punargathaner sambhabna
|
| 246 |
3 |
1 |
|a Possibility of reconstruction of cultural heritage in Bangladesh as reflected in recent archaeological studies
|
| 260 |
|
|
|a ঢাকা :
|b বাংলা একাডেমী,
|c ২০০৮.
|
| 300 |
|
|
|a ৯৬ পৃষ্ঠা :
|b চিত্র ;
|c ২২ সে.মি.
|
| 504 |
|
|
|a গ্রন্থপঞ্জিগত নির্দেশিকা (পৃষ্ঠা ৭৩-৭৯) ও নির্ঘণ্ট অন্তর্ভুক্ত।
|
| 520 |
|
|
|a Articles on some archaeological findings in Bangladesh, and their cultural significance.
|
| 541 |
|
|
|a Donated By Akbar Ali Khan
|e 39294
|
| 546 |
|
|
|a In Bengali.
|
| 650 |
|
0 |
|a Excavations (Archaeology)
|x Interpretive programs
|z Bangladesh.
|9 50766
|
| 650 |
|
0 |
|a History.
|9 50768
|
| 651 |
|
0 |
|a Bangladesh
|x Antiquities.
|9 50767
|
| 852 |
|
|
|a Ayesha Abed Library
|c Akbar Ali Khan Collection
|
| 942 |
|
|
|2 ddc
|c BK
|
| 952 |
|
|
|0 0
|1 0
|2 ddc
|4 0
|6 954_920220000000000_SHA
|7 1
|9 71652
|a BRACUL
|b BRACUL
|c AAKC
|d 2022-08-10
|e Donated by Akbar Ali Khan
|l 0
|o 954.92022 SHA
|p 3010039294
|r 2022-08-10
|t 1
|w 2022-08-10
|y BK
|